| 000 | 00367nam a2200145Ia 4500 | ||
|---|---|---|---|
| 008 | 230917s9999||||xx |||||||||||||| ||und|| | ||
| 040 |
_e27286 _aMAIN |
||
| 041 | _aEnglish | ||
| 082 | _a512.5 H162L | ||
| 100 | _aHalmos, Paul R | ||
| 245 | 0 | _aLinear algebra | |
| 260 |
_aWashington _bMathematical Association of America _c1995 |
||
| 300 | _axii, 336 p. | ||
| 942 | _cBK | ||
| 999 |
_c97911 _d97911 |
||